• AIU
  • Tony Wilmot Memorial Library

From simple input to complex grammar / (Record no. 36773)

MARC details
000 -LEADER
fixed length control field 00650nam a22002171a 4500
003 - CONTROL NUMBER IDENTIFIER
control field NEGST
005 - DATE AND TIME OF LATEST TRANSACTION
control field 20110718132318.0
008 - FIXED-LENGTH DATA ELEMENTS--GENERAL INFORMATION
fixed length control field 030627s1986 mau 001 0 eng d
020 ## - INTERNATIONAL STANDARD BOOK NUMBER
International Standard Book Number 0262132176
082 0# - DEWEY DECIMAL CLASSIFICATION NUMBER
Item number M484f
100 1# - MAIN ENTRY--PERSONAL NAME
Personal name Morgan, James L.
245 10 - TITLE STATEMENT
Title From simple input to complex grammar /
Statement of responsibility, etc James L. Morgan.
260 ## - PUBLICATION, DISTRIBUTION, ETC. (IMPRINT)
Place of publication, distribution, etc Cambridge, MA :
Name of publisher, distributor, etc MIT,
Date of publication, distribution, etc c1986.
300 ## - PHYSICAL DESCRIPTION
Extent xiii, 223p.
440 #4 - SERIES STATEMENT/ADDED ENTRY--TITLE
Title The MIT series in learning, development, and conceptual change
500 ## - GENERAL NOTE
General note Includes bibliography and index.
590 ## - LOCAL NOTE (RLIN)
Local note Accession number: 22084
650 #0 - SUBJECT ADDED ENTRY--TOPICAL TERM
Topical term or geographic name as entry element Language acquisition.
650 #0 - SUBJECT ADDED ENTRY--TOPICAL TERM
Topical term or geographic name as entry element Learning ability.
Holdings
Withdrawn status Lost status Source of classification or shelving scheme Damaged status Not for loan Collection code Home library Current library Shelving location Date acquired Cost, normal purchase price Total Checkouts Full call number Barcode Date last seen Copy number Price effective from Koha item type
    Library of Congress Classification     General Circulation AIU/NEGST - Tony Wilmot Memorial Library AIU/NEGST - Tony Wilmot Memorial Library General Stacks 02/03/2010 34.00   P 118.M68 1986 R06711N3232 09/02/2019 1 02/03/2010 Books